000 00222 a2200097 4500
020 _a9798396772335
041 _aspa
100 _aMatha Niò¨ Rodrigues
245 _aEl otro lado de la nada al sililicon valley
942 _cBK
999 _c30713
_d30711